| 000 | 00488nam a22001817a 4500 | ||
|---|---|---|---|
| 005 | 20250416115059.0 | ||
| 008 | 250416b |||||||| |||| 00| 0 eng d | ||
| 020 | _c500.00 | ||
| 040 | _aMAIN | ||
| 041 | _aHindi | ||
| 082 |
_a498.9 _bAJA |
||
| 100 |
_a Ajaad, Chandrashekhar _925619 |
||
| 245 |
_aGarhwali Hindi Muhavara Kosh _b: Dictionary of Garhwali Hindi Idioms |
||
| 260 |
_aNew Delhi _bTakshashila _c1989 |
||
| 300 | _a283 | ||
| 650 |
_aTheater _aMA Theater _918467 |
||
| 942 | _cBK | ||
| 999 |
_c59695 _d59695 |
||